<?xml version="1.0" encoding="UTF-8"?><?xml-stylesheet type="text/xsl" href="static/style.xsl"?><OAI-PMH xmlns="http://www.openarchives.org/OAI/2.0/" xmlns:xsi="http://www.w3.org/2001/XMLSchema-instance" xsi:schemaLocation="http://www.openarchives.org/OAI/2.0/ http://www.openarchives.org/OAI/2.0/OAI-PMH.xsd"><responseDate>2026-06-07T23:41:51Z</responseDate><request verb="GetRecord" identifier="oai:docta.ucm.es:20.500.14352/124863" metadataPrefix="marc">https://docta.ucm.es/rest/oai/request</request><GetRecord><record><header><identifier>oai:docta.ucm.es:20.500.14352/124863</identifier><datestamp>2026-03-04T15:09:15Z</datestamp><setSpec>com_20.500.14352_14</setSpec><setSpec>col_20.500.14352_15</setSpec></header><metadata><record xmlns="http://www.loc.gov/MARC21/slim" xmlns:dcterms="http://purl.org/dc/terms/" xmlns:xsi="http://www.w3.org/2001/XMLSchema-instance" xmlns:doc="http://www.lyncode.com/xoai" xsi:schemaLocation="http://www.loc.gov/MARC21/slim http://www.loc.gov/standards/marcxml/schema/MARC21slim.xsd">
   <leader>00925njm 22002777a 4500</leader>
   <datafield ind2=" " ind1=" " tag="042">
      <subfield code="a">dc</subfield>
   </datafield>
   <datafield ind2=" " ind1=" " tag="720">
      <subfield code="a">Mondal, Ritwick</subfield>
      <subfield code="e">author</subfield>
   </datafield>
   <datafield ind2=" " ind1=" " tag="720">
      <subfield code="a">Deb, Shramana</subfield>
      <subfield code="e">author</subfield>
   </datafield>
   <datafield ind2=" " ind1=" " tag="720">
      <subfield code="a">Ray, Nirmalya</subfield>
      <subfield code="e">author</subfield>
   </datafield>
   <datafield ind2=" " ind1=" " tag="720">
      <subfield code="a">Purakayastha, Sukalyan</subfield>
      <subfield code="e">author</subfield>
   </datafield>
   <datafield ind2=" " ind1=" " tag="720">
      <subfield code="a">Tiwari, Mona</subfield>
      <subfield code="e">author</subfield>
   </datafield>
   <datafield ind2=" " ind1=" " tag="720">
      <subfield code="a">Benito León, Julián</subfield>
      <subfield code="e">author</subfield>
   </datafield>
   <datafield ind2=" " ind1=" " tag="260">
      <subfield code="c">2025-07</subfield>
   </datafield>
   <datafield ind2=" " ind1=" " tag="520">
      <subfield code="a">Moyamoya disease is a rare cerebrovascular disorder characterized by progressive internal carotid artery stenosis and compensatory collateral vessel formation, producing a characteristic “puff of smoke” angiographic appearance. Genetic predisposition, particularly involving the RNF213 gene, plays a central role. We report a 48-year‐old Indian woman with type 2 diabetes, arterial hypertension, and a prior transient ischemic attack who presented with intermittent bilateral upper limb paresthesia. Imaging revealed bilateral supraclinoid internal carotid artery stenosis (Suzuki stage III). Genetic testing identified a heterozygous RNF213 missense variant (Thr554Ile, rs766831703), which is extremely rare in global databases and predicted to be deleterious by multiple in silico tools. This variant has not been previously described in association with Moyamoya disease. The patient underwent bilateral superficial temporal artery to middle cerebral artery bypass, achieving sustained clinical improvement without recurrent events over two years.</subfield>
   </datafield>
   <datafield ind1="8" ind2=" " tag="024">
      <subfield code="a">Mondal R, Deb S, Ray N, Purakayastha S, Tiwari M, Benito-León J, Roy J. Moyamoya disease presenting with transient nonfocal neurological attacks in an Indian woman carrying a previously unreported RNF213 missense variant (p.Thr554Ile). Neurogenetics. 2025 Jul 19;26(1):54. doi: 10.1007/s10048-025-00836-5.</subfield>
   </datafield>
   <datafield ind1="8" ind2=" " tag="024">
      <subfield code="a">1364-6753</subfield>
   </datafield>
   <datafield ind1="8" ind2=" " tag="024">
      <subfield code="a">10.1007/S10048-025-00836-5</subfield>
   </datafield>
   <datafield ind1="8" ind2=" " tag="024">
      <subfield code="a">https://hdl.handle.net/20.500.14352/124863</subfield>
   </datafield>
   <datafield ind1="8" ind2=" " tag="024">
      <subfield code="a">1364-6745</subfield>
   </datafield>
   <datafield ind1="8" ind2=" " tag="024">
      <subfield code="a">https://doi.org/10.1007/s10048-025-00836-5</subfield>
   </datafield>
   <datafield ind1="8" ind2=" " tag="024">
      <subfield code="a">40682695</subfield>
   </datafield>
   <datafield ind1="8" ind2=" " tag="024">
      <subfield code="a">https://pubmed.ncbi.nlm.nih.gov/40682695/</subfield>
   </datafield>
   <datafield ind2="0" ind1="0" tag="245">
      <subfield code="a">Moyamoya disease presenting with transient nonfocal neurological attacks in an Indian woman carrying a previously unreported RNF213 missense variant (p.Thr554Ile)</subfield>
   </datafield>
</record></metadata></record></GetRecord></OAI-PMH>